|
|
|
|
| LEADER |
00000nam0a2200000 4500 |
| 001 |
75859 |
| 005 |
20231031091152.0 |
| 010 |
|
|
|a 5211049608
|
| 010 |
|
|
|a 5-7695-2081-7
|
| 010 |
|
|
|a 5-211-04888-1
|
| 010 |
|
|
|a 5-7695-2080-9
|
| 035 |
|
|
|a (RuTPU)RU\TPU\book\80959
|
| 090 |
|
|
|a 75859
|
| 100 |
|
|
|a 20050404d2004 m y0rusy50 ca
|
| 101 |
0 |
|
|a rus
|
| 102 |
|
|
|a RU
|
| 105 |
|
|
|a a j 001zy
|
| 200 |
1 |
|
|a Геология и геохимия нефти и газа
|e учебник для вузов
|f О. К. Баженова, Ю. К. Бурлин, Б. А. Соколов, В. Е. Хаин
|g Московский государственный университет им. М. В. Ломоносова; под ред. Б. А. Соколова
|
| 205 |
|
|
|a 2-е изд., перераб. и доп.
|
| 210 |
|
|
|a Москва
|c Изд-во Московского ун-та
|c Академия
|d 2004
|
| 215 |
|
|
|a 415 с.
|c ил.
|
| 225 |
1 |
|
|a Классический университетский учебник
|
| 225 |
1 |
|
|a Высшее профессиональное образование. Естественные науки
|
| 320 |
|
|
|a Библиогр.: с. 413-414.
|
| 330 |
|
|
|a В учебнике (1-е издание — 2000 г.) представляется одна из фундаментальных проблем естествознания, имеющая большое значение для решения практических задач развития экономики страны, подчеркивается необходимость углубленного изучения геохимии и химии углеводородов для развития геологии нефти и газа. Образование углеводородов рассматривается как повсеместный процесс и естественный результат развития земной коры. Особое внимание уделяется роли флюидо-динамических процессов в формировании структур и нефтегазоносности осадочных бассейнов. Типизация осадочных бассейнов проводится с позиций современной геодинамики, с использованием новейших представлений о строении земной коры и нелинейности процессов тектогенеза и литогенеза. Рассматривается роль нефти и газа в экономике и топливно-энергетическом балансе страны и мира.
|
| 451 |
|
1 |
|0 (RuTPU)RU\TPU\book\29945
|y 5-211-04212-3
|t Геология и геохимия нефти и газа
|o учебник для вузов
|f О. К. Баженова, Ю. К. Бурлин, Б. А. Соколов, В. Е. Хаин
|c М.
|n Изд-во МГУ
|d 2000
|p 384 с.
|
| 610 |
1 |
|
|a геология
|
| 610 |
1 |
|
|a нефть
|
| 610 |
1 |
|
|a газ
|
| 610 |
1 |
|
|a геохимия
|
| 610 |
1 |
|
|a углеводороды
|
| 610 |
1 |
|
|a нефтегазообразования
|
| 610 |
1 |
|
|a нефтегазоносные бассейны
|
| 610 |
1 |
|
|a органическое вещество
|
| 610 |
1 |
|
|a залежи
|
| 610 |
1 |
|
|a месторождения
|
| 610 |
1 |
|
|a миграция
|
| 610 |
1 |
|
|a природные резервуары
|
| 610 |
1 |
|
|a коллекторы
|
| 610 |
1 |
|
|a нефтегазонакопление
|
| 610 |
1 |
|
|a распределение в земной коре
|
| 610 |
1 |
|
|a учебники
|
| 675 |
|
|
|a 553.98(075.8)
|v 3
|
| 675 |
|
|
|a 553.98:550.4(075.8)
|v 3
|
| 701 |
|
1 |
|a Баженова
|b О. К.
|g Ольга Константиновна
|
| 701 |
|
1 |
|a Бурлин
|b Ю. К.
|g Юрий Константинович
|
| 701 |
|
1 |
|a Соколов
|b Б. А.
|g Борис Александрович
|
| 701 |
|
1 |
|a Хаин
|b В. Е.
|g Виктор Ефимович
|
| 702 |
|
1 |
|a Соколов
|b Б. А.
|g Борис Александрович
|4 340
|
| 712 |
0 |
2 |
|a Московский государственный университет им. М. В. Ломоносова
|2 stltpush
|3 (RuTPU)RU\TPU\col\7
|
| 801 |
|
1 |
|a RU
|b 63413507
|c 20050404
|g PSBO
|
| 801 |
|
2 |
|a RU
|b 63413507
|c 20220517
|g PSBO
|
| 900 |
|
|
|a Геология нефти и газа
|
| 900 |
|
|
|a Геохимия
|
| 900 |
|
|
|a Геологическая интерпретация геофизических данных
|
| 900 |
|
|
|a Химия нефти и газа
|
| 942 |
|
|
|c BK
|
| 952 |
|
|
|a 511000
|b 080500
|
| 959 |
|
|
|a 25/20050404
|d 5
|e 255
|f НФ:5
|
| 959 |
|
|
|a 62/20090527
|d 10
|e 385,00
|f УФ:10
|